Tokyo symposium report : Japan's long-term future and world business

Tallennettuna:
Bibliografiset tiedot
Aineistotyyppi: Kirja
Kieli:Undetermined
Julkaistu: Tokyo Steering Committee of the IMI/IU Tokyo Symposium 1985
Aiheet:
Tagit: Lisää tagi
Ei tageja, Lisää ensimmäinen tagi!
Thư viện lưu trữ: Trung tâm Học liệu Trường Đại học Cần Thơ
LEADER 00581nam a2200193Ia 4500
001 CTU_97731
008 210402s9999 xx 000 0 und d
082 |a 338.5 
082 |b T646 
245 0 |a Tokyo symposium report : 
245 0 |b Japan's long-term future and world business 
245 0 |c Steering Committee of the IMI/IU Tokyo Symposium 
260 |a Tokyo 
260 |b Steering Committee of the IMI/IU Tokyo Symposium 
260 |c 1985 
650 |a Economic conditions 
650 |z Japan 
904 |i Giang 
980 |a Trung tâm Học liệu Trường Đại học Cần Thơ